<?xml version="1.0" encoding="UTF-8"?><?xml-stylesheet type="text/xsl" href="static/style.xsl"?><OAI-PMH xmlns="http://www.openarchives.org/OAI/2.0/" xmlns:xsi="http://www.w3.org/2001/XMLSchema-instance" xsi:schemaLocation="http://www.openarchives.org/OAI/2.0/ http://www.openarchives.org/OAI/2.0/OAI-PMH.xsd"><responseDate>2026-04-14T05:06:02Z</responseDate><request verb="GetRecord" identifier="oai:www.recercat.cat:10256/22319" metadataPrefix="marc">https://recercat.cat/oai/request</request><GetRecord><record><header><identifier>oai:recercat.cat:10256/22319</identifier><datestamp>2024-05-22T11:34:06Z</datestamp><setSpec>com_2072_452966</setSpec><setSpec>com_2072_2054</setSpec><setSpec>col_2072_452968</setSpec></header><metadata><record xmlns="http://www.loc.gov/MARC21/slim" xmlns:dcterms="http://purl.org/dc/terms/" xmlns:xsi="http://www.w3.org/2001/XMLSchema-instance" xmlns:doc="http://www.lyncode.com/xoai" xsi:schemaLocation="http://www.loc.gov/MARC21/slim http://www.loc.gov/standards/marcxml/schema/MARC21slim.xsd">
   <leader>00925njm 22002777a 4500</leader>
   <datafield ind2=" " ind1=" " tag="042">
      <subfield code="a">dc</subfield>
   </datafield>
   <datafield ind2=" " ind1=" " tag="720">
      <subfield code="a">Moner Soler, Marc</subfield>
      <subfield code="e">author</subfield>
   </datafield>
   <datafield ind2=" " ind1=" " tag="260">
      <subfield code="c">2022-05</subfield>
   </datafield>
   <datafield ind2=" " ind1=" " tag="520">
      <subfield code="a">L’ús de l’Internet ha revolucionat el funcionament de la indústria turística. Ha transformat diferents&#xd;
àrees des de la planificació del viatge, la comercialització i l’estructura de la indústria, aportant una&#xd;
sèrie d’avantatges tant per l’empresari com pel turista, però alhora també ha generat una sèrie&#xd;
d’inconvenients com les incerteses en la privacitat i seguretat de les dades, la manca de fiabilitat de&#xd;
la informació i la presència de nous intermediaris. Actualment ens trobem en una època on diferents&#xd;
tecnologies, com la intel·ligència artificial, l’internet de les coses o la biometria, es posicionen com a&#xd;
potencials transformadores de la societat. Una d’elles és la tecnologia blockchain, que gràcies a la seva&#xd;
arquitectura i funcionament, disposa de les capacitats per a solucionar gran part dels inconvenients&#xd;
abans esmentats. L’objectiu d’aquest estudi és determinar quin és la percepció sobre el potencial del&#xd;
blockchain al sector turístic. A través de la realització de 19 entrevistes semi-estructurades a diferents&#xd;
agents públics i privats de la Costa Brava i Pirineu de Girona, s’ha determinat quin és el potencial&#xd;
d’aquesta tecnologia en el sector turístic, quins son les àrees d’aplicació més interessants i quin és el&#xd;
camí que queda per recórrer per tal de començar a implementar aquest tipus de solucions al territori</subfield>
   </datafield>
   <datafield ind2=" " ind1=" " tag="520">
      <subfield code="a">The use of Internet has revolutionized the way the tourism industry works. It has transformed&#xd;
different areas from travel planning, marketing and industry structure, providing several advantages&#xd;
for both the business and tourist, but at the same time it has generated several disadvantages such as&#xd;
the uncertainties of data privacy and security, unreliability of information and the presence of new&#xd;
intermediaries. Currently, we are in an era where different technologies, such as artificial intelligence,&#xd;
Internet of Things and biometrics, are positioning themselves as potential transformers of our&#xd;
society. One of them is blockchain technology, which, thanks to its architecture and functioning, has&#xd;
the capabilities to solve most of the aforementioned problems. The main goal of the study is to&#xd;
determine which is the perception of the potential of the blockchain in the tourism sector. Through&#xd;
the realization of 19 semi-structured interviews with different public and private agents of the Costa&#xd;
Brava and Pirineus of Girona, it has been determined what the potential of this technology is in the&#xd;
tourism sector, what are the more interesting areas of application and what is the way to go in order&#xd;
to start implementing this type of solutions in the territory</subfield>
   </datafield>
   <datafield ind1="8" ind2=" " tag="024">
      <subfield code="a">http://hdl.handle.net/10256/22319</subfield>
   </datafield>
   <datafield tag="653" ind2=" " ind1=" ">
      <subfield code="a">Cadena de blocs (Bases de dades)</subfield>
   </datafield>
   <datafield tag="653" ind2=" " ind1=" ">
      <subfield code="a">Blockchains (Databases)</subfield>
   </datafield>
   <datafield tag="653" ind2=" " ind1=" ">
      <subfield code="a">Criptomoneda</subfield>
   </datafield>
   <datafield tag="653" ind2=" " ind1=" ">
      <subfield code="a">Cryptocurrencies</subfield>
   </datafield>
   <datafield tag="653" ind2=" " ind1=" ">
      <subfield code="a">Turisme</subfield>
   </datafield>
   <datafield tag="653" ind2=" " ind1=" ">
      <subfield code="a">Tourism</subfield>
   </datafield>
   <datafield ind2="0" ind1="0" tag="245">
      <subfield code="a">Estudi sobre el potencial del blockchain al sector turístic Cas d’estudi: Costa Brava i Pirineu de Girona</subfield>
   </datafield>
</record></metadata></record></GetRecord></OAI-PMH>